Palliative and end of life care in nursing
Gardado en:
| Autor Principal: | |
|---|---|
| Formato: | Libro |
| Idioma: | inglés |
| Publicado: |
SAGE/ Learning Matters,
2017
|
| Tags: |
Engadir etiqueta
Sen Etiquetas, Sexa o primeiro en etiquetar este rexistro!
|
MARC
| LEADER | 00000nam a22000007a 4500 | ||
|---|---|---|---|
| 008 | 210122b ||||| |||| 00| 0 eng d | ||
| 020 | |a 978-1-4739-5728-2 | ||
| 100 | |a NICOL, Jane. | ||
| 245 | |a Palliative and end of life care in nursing |c Jane Nicol, Brian Nyatanga. |e (Transforming nursing practice) |g x, 173p.; ill. | ||
| 250 | |b 2nd ed. | ||
| 260 | |b SAGE/ Learning Matters, |c 2017 |h Thousand Oaks, California: |i 693369 |i 693370 |l RT87 .N54 |m Palliative treatment. |m Terminal care. |m Nursing. | ||
| 500 | |a “It includes references and index”. | ||
| 942 | |a lcc |c BK |e Adeniran, F. A |f 22/01/2021 | ||
| 952 | |0 0 |1 0 |2 lcc |4 0 |6 RT0087 N54 |7 0 |9 1630 |a HOL |b HE |c QZ |d 2021-01-22 |l 0 |o RT87 .N54 |p 2021-0417 |r 2021-01-22 00:00:00 |w 2021-01-22 |y BK | ||
| 952 | |0 0 |1 0 |2 lcc |4 0 |6 RT0087 N54 |7 0 |9 1631 |a HOL |b HOL |c QZ |d 2021-01-22 |l 0 |o RT87 .N54 |p 2021-0418 |r 2021-01-22 00:00:00 |w 2021-01-22 |y BK | ||
| 999 | |c 864 |d 864 | ||